[Event "Sport Summer 2016"]
[Site "Paracin"]
[Date "2016.07.12"]
[Round "6.1"]
[White "Kadric, Denis"]
[Black "Damljanovic, Branko"]
[Result "1-0"]
[BlackElo "2557"]
[WhiteElo "2562"]
[LiveChessVersion "1.4.8"]

1. e4 {[%clk 1:30:58]} c5 {[%clk 1:30:54]} 2. Nc3 {[%clk 1:31:24]} Nc6
{[%clk 1:31:19]} 3. Nge2 {[%clk 1:31:50]} d6 {[%clk 1:31:31]} 4. d4
{[%clk 1:32:07]} cxd4 {[%clk 1:31:59]} 5. Nxd4 {[%clk 1:32:33]} Nf6
{[%clk 1:32:00]} 6. Bc4 {[%clk 1:33:00]} Qb6 {[%clk 1:32:25]} 7. Nb3
{[%clk 1:33:26]} e6 {[%clk 1:32:49]} 8. O-O {[%clk 1:33:53]} Be7 {[%clk 1:32:50]}
9. Bd3 {[%clk 1:34:19]} Bd7 {[%clk 1:26:15]} 10. Be3 {[%clk 1:34:27]} Qc7
{[%clk 1:26:43]} 11. f4 {[%clk 1:34:34]} h5 {[%clk 1:22:43]} 12. Kh1
{[%clk 1:34:56]} Nb4 {[%clk 1:22:36]} 13. a3 {[%clk 1:31:10]} Nxd3
{[%clk 1:22:52]} 14. cxd3 {[%clk 1:31:37]} e5 {[%clk 1:15:53]} 15. Rc1
{[%clk 1:26:38]} Qd8 {[%clk 1:16:02]} 16. fxe5 {[%clk 1:02:50]} dxe5
{[%clk 1:12:11]} 17. d4 {[%clk 1:02:55]} Be6 {[%clk 0:48:21]} 18. d5
{[%clk 1:01:22]} Bg4 {[%clk 0:48:49]} 19. Qd3 {[%clk 1:00:57]} O-O
{[%clk 0:46:07]} 20. h3 {[%clk 0:58:59]} Bc8 {[%clk 0:44:50]} 21. Nb5
{[%clk 0:52:26]} b6 {[%clk 0:40:12]} 22. Nd2 {[%clk 0:43:04]} Ba6
{[%clk 0:31:28]} 23. a4 {[%clk 0:43:29]} Ne8 {[%clk 0:26:00]} 24. Nc4
{[%clk 0:43:19]} Bxb5 {[%clk 0:21:36]} 25. axb5 {[%clk 0:43:45]} f6
{[%clk 0:21:54]} 26. Rfd1 {[%clk 0:39:15]} Bd6 {[%clk 0:19:17]} 27. Bd2
{[%clk 0:33:18]} Bc5 {[%clk 0:11:29]} 28. Be1 {[%clk 0:24:14]} Qd7
{[%clk 0:10:49]} 29. d6 {[%clk 0:20:43]} Rd8 {[%clk 0:08:42]} 30. Na5
{[%clk 0:20:42]} Nxd6 {[%clk 0:01:07]} 31. Nc6 {[%clk 0:20:13]} Qe6
{[%clk 0:01:19]} 32. Nxd8 {[%clk 0:18:21]} Rxd8 {[%clk 0:01:48]} 33. Qd5
{[%clk 0:18:46]} Kf7 {[%clk 0:01:52]} 34. b4 {[%clk 0:18:50]} Qxd5
{[%clk 0:01:50]} 35. Rxd5 {[%clk 0:19:16]} Bd4 {[%clk 0:02:13]} 36. Rc6
{[%clk 0:13:05]} Ke7 {[%clk 0:01:59]} 37. Bc3 {[%clk 0:10:37]} Bxc3
{[%clk 0:02:21]} 38. Rxc3 {[%clk 0:11:01]} Rd7 {[%clk 0:02:41]} 39. Rcd3
{[%clk 0:11:21]} h4 {[%clk 0:03:10]} 40. Kg1 {[%clk 0:09:21]} Ke6
{[%clk 0:03:24]} 41. Kf1 {[%clk 0:09:33]} g6 {[%clk 0:03:51]} 42. Rd1
{[%clk 0:08:44]} Rd8 {[%clk 0:02:28]} 43. Ke2 {[%clk 0:09:01]} f5
{[%clk 0:01:01]} 44. exf5+ {[%clk 0:09:19]} gxf5 {[%clk 0:01:30]} 45. Kf3
{[%clk 0:09:34]} f4 {[%clk 0:01:52]} 46. R5d2 {[%clk 0:09:22]} Rd7
{[%clk 0:02:19]} 47. Rc1 {[%clk 0:06:40]} Kf5 {[%clk 0:01:24]} 48. Ke2
{[%clk 0:06:20]} Ke6 {[%clk 0:00:42]} 49. Rc6 {[%clk 0:02:53]} e4
{[%clk 0:00:54]} 50. Rd1 {[%clk 0:01:49]} Ke5 {[%clk 0:01:05]} 51. Ke1
{[%clk 0:01:44]} Ke6 {[%clk 0:01:11]} 52. Kf1 {[%clk 0:00:48]} Ke5
{[%clk 0:01:34]} 53. Rc8 {[%clk 0:00:52]} Rg7 {[%clk 0:01:03]} 54. Rd8
{[%clk 0:00:35]} Nf5 {[%clk 0:01:15]} 55. Re8+ {[%clk 0:00:49]} Kf6
{[%clk 0:01:43]} 56. Kf2 {[%clk 0:00:50]} Rc7 {[%clk 0:01:06]} 57. Rxe4
{[%clk 0:01:04]} Rc2+ {[%clk 0:01:34]} 58. Re2 {[%clk 0:01:21]} Rc4
{[%clk 0:01:51]} 59. Rd8 {[%clk 0:01:22]} Ne3 {[%clk 0:00:40]} 60. Kf3
{[%clk 0:01:24]} Rxb4 {[%clk 0:01:07]} 61. Ra2 {[%clk 0:00:55]} Nc4
{[%clk 0:00:46]} 62. Rd4 {[%clk 0:00:45]} Ke5 {[%clk 0:00:43]} 63. Re4+
{[%clk 0:01:05]} Kd5 {[%clk 0:01:12]} 64. Kxf4 {[%clk 0:01:05]} Rxb5
{[%clk 0:01:27]} 65. Rxa7 {[%clk 0:01:26]} Rb2 {[%clk 0:01:41]} 66. Rd7+
{[%clk 0:01:04]} Kc6 {[%clk 0:02:07]} 67. Rd3 {[%clk 0:00:42]} b5
{[%clk 0:02:29]} 68. g4 {[%clk 0:00:49]} hxg3 {[%clk 0:02:35]} 69. Kxg3
{[%clk 0:01:11]} Kc5 {[%clk 0:02:51]} 70. h4 {[%clk 0:01:31]} Rb1
{[%clk 0:03:17]} 71. h5 {[%clk 0:01:44]} Rg1+ {[%clk 0:03:33]} 72. Kh4
{[%clk 0:02:03]} b4 {[%clk 0:02:57]} 73. h6 {[%clk 0:02:21]} 1-0

[Event "Sport Summer 2016"]
[Site "Paracin"]
[Date "2016.07.12"]
[Round "6.2"]
[White "Kasparov, Sergey"]
[Black "Berkes, Ferenc"]
[Result "1/2-1/2"]
[BlackElo "2640"]
[WhiteElo "2470"]
[LiveChessVersion "1.4.8"]

1. e4 {[%clk 1:30:58]} Nf6 {[%clk 1:30:46]} 2. e5 {[%clk 1:30:53]} Nd5
{[%clk 1:31:11]} 3. d4 {[%clk 1:31:14]} d6 {[%clk 1:31:37]} 4. Nf3
{[%clk 1:31:23]} g6 {[%clk 1:32:01]} 5. Bc4 {[%clk 1:30:51]} Nb6 {[%clk 1:32:24]}
6. Bb3 {[%clk 1:30:58]} Bg7 {[%clk 1:32:47]} 7. O-O {[%clk 1:30:52]} O-O
{[%clk 1:33:10]} 8. a4 {[%clk 1:28:18]} a5 {[%clk 1:16:22]} 9. h3
{[%clk 1:23:44]} dxe5 {[%clk 1:11:35]} 10. Nxe5 {[%clk 1:11:04]} N8d7
{[%clk 1:03:58]} 11. Nxd7 {[%clk 1:00:05]} Bxd7 {[%clk 1:04:14]} 12. Re1
{[%clk 0:58:16]} e6 {[%clk 1:04:05]} 13. c3 {[%clk 0:57:16]} Bc6 {[%clk 1:03:55]}
14. Nd2 {[%clk 0:52:57]} Re8 {[%clk 1:04:14]} 15. Nf3 {[%clk 0:52:11]} Bxf3
{[%clk 1:04:13]} 16. Qxf3 {[%clk 0:51:44]} c6 {[%clk 1:04:38]} 17. Bf4
{[%clk 0:47:10]} Nd5 {[%clk 1:05:01]} 18. Bxd5 {[%clk 0:46:42]} cxd5
{[%clk 1:04:54]} 19. Qd3 {[%clk 0:43:24]} Bf8 {[%clk 1:00:12]} 20. Qb5
{[%clk 0:39:51]} Bd6 {[%clk 0:57:50]} 21. Bxd6 {[%clk 0:37:05]} Qxd6
{[%clk 0:58:14]} 22. Re2 {[%clk 0:36:40]} Rec8 {[%clk 0:57:37]} 23. Qd3
{[%clk 0:34:23]} Qa6 {[%clk 0:53:49]} 24. Qf3 {[%clk 0:29:32]} Kg7
{[%clk 0:51:50]} 25. h4 {[%clk 0:28:45]} h5 {[%clk 0:51:01]} 26. Re5
{[%clk 0:25:00]} Rh8 {[%clk 0:51:23]} 27. Rae1 {[%clk 0:24:01]} Rae8
{[%clk 0:49:42]} 28. g4 {[%clk 0:22:18]} hxg4 {[%clk 0:50:05]} 29. Qxg4
{[%clk 0:22:47]} Qd3 {[%clk 0:48:59]} 30. Kg2 {[%clk 0:22:20]} Qc2
{[%clk 0:41:38]} 31. h5 {[%clk 0:20:51]} Rh6 {[%clk 0:41:04]} 32. Rg5
{[%clk 0:16:20]} Reh8 {[%clk 0:37:12]} 33. Rh1 {[%clk 0:16:04]} b6
{[%clk 0:14:34]} 34. Qf4 {[%clk 0:12:44]} Rxh5 {[%clk 0:04:12]} 35. Qe5+
{[%clk 0:12:12]} Kg8 {[%clk 0:05:04]} 36. Qb8+ {[%clk 0:12:14]} Kg7
{[%clk 0:05:29]} 37. Qe5+ {[%clk 0:12:35]} Kg8 {[%clk 0:05:51]} 1/2-1/2

[Event "Sport Summer 2016"]
[Site "Paracin"]
[Date "2016.07.12"]
[Round "6.3"]
[White "Georgiev, Kiril"]
[Black "Zajic, Milan"]
[Result "1/2-1/2"]
[BlackElo "2481"]
[WhiteElo "2613"]
[LiveChessVersion "1.4.8"]

1. d4 {[%clk 1:27:32]} Nf6 {[%clk 1:30:49]} 2. c4 {[%clk 1:27:57]} e6
{[%clk 1:31:05]} 3. Nc3 {[%clk 1:26:49]} Bb4 {[%clk 1:29:45]} 4. e3
{[%clk 1:26:19]} O-O {[%clk 1:29:57]} 5. Nge2 {[%clk 1:26:32]} c6
{[%clk 1:29:36]} 6. a3 {[%clk 1:26:34]} Ba5 {[%clk 1:29:45]} 7. c5
{[%clk 1:24:15]} d5 {[%clk 1:19:41]} 8. cxd6 {[%clk 1:23:00]} Qxd6
{[%clk 1:19:51]} 9. b4 {[%clk 1:20:16]} Bb6 {[%clk 1:14:14]} 10. Bb2
{[%clk 1:16:07]} Nbd7 {[%clk 1:08:53]} 11. g3 {[%clk 1:14:22]} a5
{[%clk 1:05:39]} 12. b5 {[%clk 1:14:07]} e5 {[%clk 0:56:35]} 13. dxe5
{[%clk 1:02:51]} Qxe5 {[%clk 0:38:13]} 14. Bg2 {[%clk 0:56:35]} Qe7
{[%clk 0:23:52]} 15. O-O {[%clk 0:53:54]} Ne5 {[%clk 0:22:42]} 16. bxc6
{[%clk 0:52:43]} bxc6 {[%clk 0:21:27]} 17. Na4 {[%clk 0:52:32]} Ba7
{[%clk 0:19:58]} 18. Qc2 {[%clk 0:45:54]} Ba6 {[%clk 0:19:15]} 19. Rfd1
{[%clk 0:44:04]} Rad8 {[%clk 0:17:15]} 20. Nd4 {[%clk 0:42:56]} c5
{[%clk 0:14:26]} 21. Nf5 {[%clk 0:36:48]} Qc7 {[%clk 0:09:42]} 22. Nxg7
{[%clk 0:33:38]} Bd3 {[%clk 0:00:56]} 23. Qc3 {[%clk 0:28:34]} Kxg7
{[%clk 0:00:43]} 24. Qxe5 {[%clk 0:28:44]} Qxe5 {[%clk 0:00:58]} 25. Bxe5
{[%clk 0:29:11]} Bc2 {[%clk 0:00:35]} 26. Rxd8 {[%clk 0:27:33]} Rxd8
{[%clk 0:01:04]} 27. Nc3 {[%clk 0:27:37]} Bb8 {[%clk 0:00:42]} 28. Bxf6+
{[%clk 0:21:47]} Kxf6 {[%clk 0:01:10]} 29. Rc1 {[%clk 0:22:03]} Rd2
{[%clk 0:00:32]} 30. Be4 {[%clk 0:18:55]} Bb3 {[%clk 0:00:37]} 31. Bf3
{[%clk 0:18:53]} Kg7 {[%clk 0:00:34]} 32. Ne4 {[%clk 0:18:46]} Ra2
{[%clk 0:00:37]} 33. Nxc5 {[%clk 0:17:25]} Rxa3 {[%clk 0:00:33]} 34. Rb1
{[%clk 0:12:20]} Bc4 {[%clk 0:00:45]} 35. Rc1 {[%clk 0:12:09]} Bb5
{[%clk 0:00:32]} 36. Bd5 {[%clk 0:11:11]} Be5 {[%clk 0:00:43]} 37. Kg2
{[%clk 0:08:59]} Rc3 {[%clk 0:00:33]} 38. Rxc3 {[%clk 0:09:16]} Bxc3
{[%clk 0:01:01]} 39. Bb3 {[%clk 0:09:29]} Bb4 {[%clk 0:01:20]} 40. Ba4
{[%clk 0:08:38]} Bc4 {[%clk 0:01:25]} 41. Nb3 {[%clk 0:07:22]} Bd5+
{[%clk 0:01:48]} 42. f3 {[%clk 0:07:50]} Bxb3 {[%clk 0:00:32]} 43. Bxb3
{[%clk 0:08:18]} f5 {[%clk 0:00:34]} 44. f4 {[%clk 0:06:47]} Bc5 {[%clk 0:00:40]}
45. Kf3 {[%clk 0:07:15]} h5 {[%clk 0:00:32]} 46. Ba4 {[%clk 0:05:39]} h4
{[%clk 0:00:33]} 47. Bd7 {[%clk 0:05:21]} hxg3 48. hxg3 {[%clk 0:05:50]} Kg6
{[%clk 0:00:32]} 49. Ba4 {[%clk 0:06:08]} Bb4 {[%clk 0:00:34]} 50. Bc2
{[%clk 0:06:33]} Kf6 {[%clk 0:00:58]} 51. e4 {[%clk 0:06:28]} fxe4+
{[%clk 0:01:26]} 52. Kxe4 {[%clk 0:06:57]} Bd6 {[%clk 0:00:36]} 53. Kf3
{[%clk 0:07:02]} Bc7 {[%clk 0:00:38]} 54. g4 {[%clk 0:07:27]} Bd6
{[%clk 0:00:35]} 55. g5+ {[%clk 0:07:45]} Kg7 {[%clk 0:00:53]} 56. Kg4
{[%clk 0:08:12]} Bc7 {[%clk 0:01:07]} 57. Kf5 {[%clk 0:08:16]} Bd6
{[%clk 0:01:27]} 58. Ba4 {[%clk 0:08:38]} Bc7 {[%clk 0:01:48]} 59. Ke4
{[%clk 0:07:49]} Bd6 {[%clk 0:02:10]} 60. f5 {[%clk 0:07:55]} Be7
{[%clk 0:02:33]} 61. Kf4 {[%clk 0:07:28]} Bd8 1/2-1/2

[Event "Sport Summer 2016"]
[Site "Paracin"]
[Date "2016.07.12"]
[Round "6.4"]
[White "Tuna, Alp"]
[Black "Kosic, Dragan"]
[Result "1/2-1/2"]
[BlackElo "2504"]
[WhiteElo "2105"]
[LiveChessVersion "1.4.8"]

1. e4 {[%clk 1:30:53]} e6 {[%clk 1:30:53]} 2. d4 {[%clk 1:31:15]} d5
{[%clk 1:31:18]} 3. Nd2 {[%clk 1:31:38]} dxe4 {[%clk 1:31:17]} 4. Nxe4
{[%clk 1:32:01]} Nd7 {[%clk 1:31:42]} 5. Nf3 {[%clk 1:32:23]} Ngf6
{[%clk 1:32:08]} 6. Bd3 {[%clk 1:32:46]} Nxe4 {[%clk 1:30:24]} 7. Bxe4
{[%clk 1:33:10]} Nf6 {[%clk 1:30:46]} 8. Bg5 {[%clk 1:33:34]} Be7
{[%clk 1:31:01]} 9. Bd3 {[%clk 1:29:11]} h6 {[%clk 1:29:01]} 10. Bxf6
{[%clk 1:25:30]} gxf6 {[%clk 1:27:39]} 11. Qe2 {[%clk 1:24:05]} Qd6
{[%clk 1:28:02]} 12. O-O-O {[%clk 1:22:05]} Bd7 {[%clk 1:28:24]} 13. Kb1
{[%clk 1:17:28]} O-O-O {[%clk 1:27:57]} 14. Rhe1 {[%clk 1:15:43]} Kb8
{[%clk 1:16:13]} 15. g3 {[%clk 1:04:50]} Rhe8 {[%clk 1:02:50]} 16. c3
{[%clk 1:03:13]} c5 {[%clk 0:59:36]} 17. dxc5 {[%clk 0:49:22]} Qxc5
{[%clk 0:59:51]} 18. Nd4 {[%clk 0:49:21]} Bf8 {[%clk 0:50:29]} 19. Nb3
{[%clk 0:43:05]} Qb6 {[%clk 0:45:35]} 20. Rd2 {[%clk 0:31:04]} Bc6
{[%clk 0:43:50]} 21. Red1 {[%clk 0:28:09]} f5 {[%clk 0:38:43]} 22. Nd4
{[%clk 0:27:01]} Ba4 {[%clk 0:35:54]} 23. Bc2 {[%clk 0:21:43]} Bxc2+
{[%clk 0:32:37]} 24. Kxc2 {[%clk 0:21:54]} Bg7 {[%clk 0:31:14]} 25. Nf3
{[%clk 0:21:13]} Rxd2+ {[%clk 0:28:34]} 26. Qxd2 {[%clk 0:17:32]} Qc7
{[%clk 0:28:32]} 27. Qd3 {[%clk 0:15:11]} a6 {[%clk 0:27:20]} 28. Qe2
{[%clk 0:13:22]} Rc8 {[%clk 0:22:23]} 29. Kb1 {[%clk 0:12:43]} Qc5
{[%clk 0:18:26]} 30. Rd7 {[%clk 0:12:01]} Rc7 {[%clk 0:18:33]} 31. Rd8+
{[%clk 0:11:36]} Ka7 {[%clk 0:14:43]} 32. Qd2 {[%clk 0:09:40]} Bf6
{[%clk 0:09:04]} 33. Rd3 {[%clk 0:09:26]} Bg7 {[%clk 0:06:14]} 34. Rd8
{[%clk 0:09:11]} Bf6 {[%clk 0:05:44]} 35. Rd3 {[%clk 0:09:35]} Bg7
{[%clk 0:05:05]} 36. Rd8 {[%clk 0:09:59]} 1/2-1/2

[Event "Sport Summer 2016"]
[Site "Paracin"]
[Date "2016.07.12"]
[Round "6.5"]
[White "Fang, Yuxiang"]
[Black "Abramovic, Bosko"]
[Result "1/2-1/2"]
[BlackElo "2422"]
[WhiteElo "2494"]
[LiveChessVersion "1.4.8"]

1. d4 {[%clk 1:27:14]} Nf6 {[%clk 1:30:45]} 2. c4 {[%clk 1:26:49]} e6
{[%clk 1:31:08]} 3. Nc3 {[%clk 1:25:40]} Bb4 {[%clk 1:27:52]} 4. g3
{[%clk 1:22:53]} c5 {[%clk 1:24:12]} 5. Nf3 {[%clk 1:21:59]} Nc6 {[%clk 1:24:01]}
6. Bg2 {[%clk 1:19:06]} d5 {[%clk 1:23:00]} 7. O-O {[%clk 1:16:58]} dxc4
{[%clk 1:12:57]} 8. dxc5 {[%clk 1:16:08]} O-O {[%clk 1:07:49]} 9. Nd2
{[%clk 1:02:38]} Bxc5 {[%clk 1:04:16]} 10. Nxc4 {[%clk 1:01:17]} Qe7
{[%clk 1:04:11]} 11. Bg5 {[%clk 0:58:59]} Rd8 {[%clk 0:58:11]} 12. Qc1
{[%clk 0:56:38]} h6 {[%clk 0:56:18]} 13. Bxf6 {[%clk 0:52:47]} Qxf6
{[%clk 0:56:45]} 14. Ne4 {[%clk 0:53:09]} Qe7 {[%clk 0:57:12]} 15. Nxc5
{[%clk 0:53:23]} Qxc5 {[%clk 0:57:36]} 16. Ne3 {[%clk 0:53:26]} Qxc1
{[%clk 0:57:10]} 17. Rfxc1 {[%clk 0:52:25]} Bd7 {[%clk 0:57:22]} 18. Rd1
{[%clk 0:49:03]} Be8 {[%clk 0:54:41]} 19. Nc4 {[%clk 0:48:51]} Rxd1+
{[%clk 0:54:40]} 20. Rxd1 {[%clk 0:49:16]} Kf8 {[%clk 0:54:45]} 21. f4
{[%clk 0:48:07]} Ke7 {[%clk 0:54:24]} 22. Kf2 {[%clk 0:48:35]} Rd8
{[%clk 0:54:05]} 23. Rxd8 {[%clk 0:46:53]} Nxd8 {[%clk 0:54:20]} 24. b4
{[%clk 0:47:18]} f6 {[%clk 0:50:14]} 25. Ke3 {[%clk 0:47:43]} b6 {[%clk 0:50:28]}
26. Kd4 {[%clk 0:46:28]} Nf7 {[%clk 0:47:40]} 27. e4 {[%clk 0:45:32]} Bb5
{[%clk 0:46:56]} 28. e5 {[%clk 0:43:39]} Bxc4 {[%clk 0:45:25]} 29. Kxc4
{[%clk 0:43:21]} fxe5 {[%clk 0:45:40]} 30. Kb5 {[%clk 0:41:41]} exf4
{[%clk 0:42:47]} 31. gxf4 {[%clk 0:38:33]} g5 {[%clk 0:43:00]} 32. fxg5
{[%clk 0:38:07]} hxg5 {[%clk 0:43:29]} 33. Ka6 {[%clk 0:38:35]} Kd6
{[%clk 0:43:43]} 34. Kxa7 {[%clk 0:36:49]} Kc7 {[%clk 0:44:06]} 35. a4
{[%clk 0:35:25]} Nd6 {[%clk 0:41:40]} 36. b5 {[%clk 0:33:18]} e5 {[%clk 0:36:13]}
37. Ka6 {[%clk 0:32:42]} e4 {[%clk 0:33:24]} 38. a5 {[%clk 0:31:09]} e3
{[%clk 0:33:41]} 39. Bf1 {[%clk 0:31:32]} Nb7 {[%clk 0:27:22]} 40. axb6+
{[%clk 0:31:33]} Kb8 {[%clk 0:27:41]} 41. Be2 {[%clk 0:30:53]} Nc5+
{[%clk 0:13:59]} 42. Ka5 {[%clk 0:31:16]} Ne6 {[%clk 0:13:25]} 43. Kb4
{[%clk 0:31:21]} Nf4 {[%clk 0:13:20]} 44. Kc4 {[%clk 0:31:41]} 1/2-1/2

[Event "Sport Summer 2016"]
[Site "Paracin"]
[Date "2016.07.12"]
[Round "6.6"]
[White "Atakisi, Umut"]
[Black "Atalik, Suat"]
[Result "1/2-1/2"]
[BlackElo "2564"]
[WhiteElo "2378"]
[LiveChessVersion "1.4.8"]

1. e4 {[%clk 1:30:54]} e5 {[%clk 1:30:26]} 2. Nf3 {[%clk 1:31:18]} Nc6
{[%clk 1:30:39]} 3. Bb5 {[%clk 1:31:41]} Nf6 {[%clk 1:30:48]} 4. O-O
{[%clk 1:31:44]} Be7 {[%clk 1:30:42]} 5. Re1 {[%clk 1:27:39]} d6 {[%clk 1:31:00]}
6. d4 {[%clk 1:27:10]} exd4 {[%clk 1:30:43]} 7. Nxd4 {[%clk 1:27:20]} Bd7
{[%clk 1:31:10]} 8. Nc3 {[%clk 1:26:55]} O-O {[%clk 1:31:20]} 9. Bxc6
{[%clk 1:19:25]} bxc6 {[%clk 1:31:29]} 10. Qf3 {[%clk 1:19:49]} Re8
{[%clk 1:23:25]} 11. Nf5 {[%clk 1:19:42]} Bxf5 {[%clk 1:23:03]} 12. Qxf5
{[%clk 1:20:04]} Nd7 {[%clk 1:23:07]} 13. b3 {[%clk 1:14:05]} Bf6
{[%clk 1:20:13]} 14. Bb2 {[%clk 1:14:27]} Re5 {[%clk 1:17:19]} 15. Qh3
{[%clk 1:13:28]} Re6 {[%clk 1:16:47]} 16. f4 {[%clk 1:01:42]} Bd4+
{[%clk 1:08:07]} 17. Kh1 {[%clk 1:01:49]} c5 {[%clk 1:08:11]} 18. Rab1
{[%clk 0:45:52]} Nf6 {[%clk 1:06:22]} 19. Re2 {[%clk 0:31:43]} Qe8
{[%clk 0:59:51]} 20. Rbe1 {[%clk 0:26:10]} Rd8 {[%clk 0:58:33]} 21. Qf3
{[%clk 0:20:05]} Rd7 {[%clk 0:57:05]} 22. Na4 {[%clk 0:15:11]} Bxb2
{[%clk 0:42:53]} 23. Nxb2 {[%clk 0:15:18]} Rde7 {[%clk 0:43:21]} 24. e5
{[%clk 0:15:25]} dxe5 {[%clk 0:43:49]} 25. Rxe5 {[%clk 0:15:33]} Rxe5
{[%clk 0:44:14]} 26. Rxe5 {[%clk 0:15:59]} Rxe5 {[%clk 0:44:40]} 27. fxe5
{[%clk 0:16:26]} Qxe5 {[%clk 0:45:00]} 28. Qa8+ {[%clk 0:16:49]} Ne8
{[%clk 0:45:23]} 29. h3 {[%clk 0:17:01]} Kf8 {[%clk 0:43:15]} 30. Nc4
{[%clk 0:14:19]} Qa1+ {[%clk 0:42:14]} 31. Kh2 {[%clk 0:14:45]} Qxa2
{[%clk 0:42:10]} 32. Qd5 {[%clk 0:12:39]} Qa6 {[%clk 0:40:18]} 33. Qxc5+
{[%clk 0:12:50]} Kg8 {[%clk 0:40:43]} 34. Qe3 {[%clk 0:12:51]} Nd6
{[%clk 0:20:33]} 35. Qe7 {[%clk 0:12:28]} Qc6 {[%clk 0:20:39]} 36. Ne5
{[%clk 0:09:09]} Qe8 {[%clk 0:20:49]} 37. Qxe8+ {[%clk 0:09:35]} Nxe8
{[%clk 0:21:16]} 38. Nc6 {[%clk 0:10:00]} Nd6 {[%clk 0:20:03]} 39. Nxa7
{[%clk 0:10:14]} f5 {[%clk 0:20:22]} 40. Kg3 {[%clk 0:09:43]} Kf7
{[%clk 0:19:48]} 41. Kf4 {[%clk 0:08:57]} Kf6 {[%clk 0:19:43]} 42. h4
{[%clk 0:09:09]} g6 {[%clk 0:19:59]} 43. Nc6 {[%clk 0:07:13]} h6 {[%clk 0:19:50]}
44. c4 {[%clk 0:06:53]} g5+ {[%clk 0:19:21]} 45. hxg5+ {[%clk 0:07:20]} hxg5+
{[%clk 0:19:48]} 46. Kf3 {[%clk 0:07:18]} f4 {[%clk 0:14:44]} 47. g3
{[%clk 0:04:09]} fxg3 {[%clk 0:14:43]} 48. Kxg3 {[%clk 0:04:37]} Ne4+
{[%clk 0:14:39]} 49. Kg4 {[%clk 0:05:03]} Nd2 {[%clk 0:14:43]} 50. Na5
{[%clk 0:05:23]} c5 {[%clk 0:14:39]} 51. b4 {[%clk 0:01:21]} cxb4
{[%clk 0:14:38]} 52. c5 {[%clk 0:01:50]} Ne4 {[%clk 0:11:35]} 53. c6
{[%clk 0:02:11]} Ke6 {[%clk 0:11:30]} 54. Nb3 {[%clk 0:02:04]} Kd6
{[%clk 0:10:21]} 55. Kf5 {[%clk 0:02:28]} Nf2 {[%clk 0:10:37]} 56. Kxg5
{[%clk 0:02:43]} Kxc6 {[%clk 0:11:01]} 57. Kf4 {[%clk 0:03:05]} Kb5
{[%clk 0:09:26]} 58. Ke3 {[%clk 0:03:27]} Ng4+ {[%clk 0:09:43]} 59. Kd2
{[%clk 0:03:42]} Ka4 {[%clk 0:10:06]} 60. Nd4 {[%clk 0:03:06]} Ne5
{[%clk 0:09:45]} 61. Kc1 {[%clk 0:03:14]} Nc4 {[%clk 0:09:34]} 62. Kb1
{[%clk 0:03:24]} Nd2+ {[%clk 0:09:04]} 63. Kb2 {[%clk 0:03:48]} Nc4+
{[%clk 0:09:30]} 64. Kb1 {[%clk 0:04:15]} Na3+ {[%clk 0:09:45]} 65. Kb2
{[%clk 0:04:39]} Nc4+ {[%clk 0:10:12]} 1/2-1/2

[Event "Sport Summer 2016"]
[Site "Paracin"]
[Date "2016.07.12"]
[Round "6.7"]
[White "Savic, Miodrag R"]
[Black "Radovanovic, Mihajlo"]
[Result "1/2-1/2"]
[BlackElo "2362"]
[WhiteElo "2507"]
[LiveChessVersion "1.4.8"]

1. e4 {[%clk 1:30:58]} e5 {[%clk 1:30:54]} 2. Nf3 {[%clk 1:31:22]} Nc6
{[%clk 1:31:19]} 3. Bc4 {[%clk 1:30:19]} Bc5 {[%clk 1:31:41]} 4. d3
{[%clk 1:30:17]} Nf6 {[%clk 1:32:01]} 5. c3 {[%clk 1:29:15]} a6 {[%clk 1:31:50]}
6. O-O {[%clk 1:29:15]} d6 {[%clk 1:30:26]} 7. Bb3 {[%clk 1:25:38]} Ba7
{[%clk 1:30:02]} 8. Nbd2 {[%clk 1:21:32]} O-O {[%clk 1:24:04]} 9. h3
{[%clk 1:18:18]} Be6 {[%clk 1:23:43]} 10. Nc4 {[%clk 1:15:38]} h6
{[%clk 1:19:44]} 11. Ne3 {[%clk 1:05:39]} Ne7 {[%clk 0:50:05]} 12. Nh4
{[%clk 0:57:34]} d5 {[%clk 0:49:26]} 13. Qf3 {[%clk 0:50:43]} dxe4
{[%clk 0:49:03]} 14. dxe4 {[%clk 0:50:40]} Bxb3 {[%clk 0:49:05]} 15. axb3
{[%clk 0:51:08]} Bxe3 {[%clk 0:46:26]} 16. Bxe3 {[%clk 0:46:06]} Qd6
{[%clk 0:43:42]} 17. b4 {[%clk 0:42:52]} Qe6 {[%clk 0:42:09]} 18. Bc5
{[%clk 0:38:26]} Nd7 {[%clk 0:35:02]} 19. Bxe7 {[%clk 0:37:43]} Qxe7
{[%clk 0:35:28]} 20. Nf5 {[%clk 0:38:11]} Qf6 {[%clk 0:35:21]} 21. Rfd1
{[%clk 0:32:54]} Rfd8 {[%clk 0:34:33]} 22. Rd5 {[%clk 0:26:32]} Nb6
{[%clk 0:33:58]} 23. Rxd8+ {[%clk 0:22:33]} Rxd8 {[%clk 0:34:21]} 24. Rd1
{[%clk 0:22:32]} Kh7 {[%clk 0:30:10]} 25. Rxd8 {[%clk 0:18:26]} Qxd8
{[%clk 0:30:26]} 26. Qg3 {[%clk 0:17:32]} g6 {[%clk 0:19:55]} 27. Ne3
{[%clk 0:17:54]} Qg5 {[%clk 0:20:19]} 28. Qf3 {[%clk 0:15:33]} Kg7
{[%clk 0:20:38]} 29. Qd1 {[%clk 0:14:18]} Qe7 {[%clk 0:19:01]} 30. b3
{[%clk 0:13:42]} h5 {[%clk 0:18:39]} 31. Kf1 {[%clk 0:13:19]} Qd6
{[%clk 0:15:57]} 32. Qc2 {[%clk 0:12:26]} Kg8 {[%clk 0:14:17]} 33. Ke2
{[%clk 0:12:46]} Kg7 {[%clk 0:14:40]} 34. g3 {[%clk 0:10:08]} Kf8
{[%clk 0:15:02]} 35. h4 {[%clk 0:10:18]} Kg7 {[%clk 0:15:26]} 36. Qb1
{[%clk 0:09:31]} Kf8 {[%clk 0:15:21]} 37. Qa1 {[%clk 0:07:54]} Qc6
{[%clk 0:14:32]} 38. f3 {[%clk 0:08:16]} Qe6 {[%clk 0:10:03]} 39. c4
{[%clk 0:07:35]} Nd7 {[%clk 0:10:02]} 40. Nd5 {[%clk 0:04:48]} c6
{[%clk 0:09:38]} 41. Ne3 {[%clk 0:05:18]} Kg7 {[%clk 0:08:35]} 42. Qd1
{[%clk 0:04:49]} Nf8 {[%clk 0:08:37]} 43. Qa1 {[%clk 0:03:50]} Qf6
{[%clk 0:06:14]} 44. f4 {[%clk 0:01:06]} 1/2-1/2